[Event "Bremen Silvester op-B"]
[Site "Bremen"]
[Date "2022.12.30"]
[Round "7"]
[White "Bruehl, Rainer"]
[Black "Chmura, Dominik"]
[Result "1/2-1/2"]
[WhiteElo "1259"]
[BlackElo "1271"]
[PlyCount "47"]
[EventDate "2022.12.27"]
[EventType "swiss"]
[EventRounds "7"]
[EventCountry "GER"]
[SourceTitle "CBM 211 Extra"]
[Source "ChessBase"]
[SourceDate "2023.01.31"]
[SourceVersion "1"]
[SourceVersionDate "2023.01.31"]
[SourceQuality "1"]

1. d4 Nf6 2. c4 g6 3. Nc3 Bg7 4. Nf3 0-0 5. e4 d6 6. Be2 e5 7. d5 Nbd7 8. 0-0 Nc5 9. Bg5 h6 10. Bxf6 Qxf6 11. b4 Nd7 12. Nb5 c6 13. dxc6 bxc6 14. Nxd6 Rd8 15. c5 Bf8 16. Qc2 Bxd6 17. cxd6 Qxd6 18. a3 Bb7 19. Rad1 Qe7 20. h3 a5 21. Rb1 axb4 22. Rxb4 Ba6 23. Bxa6 Rxa6 24. Qb2 1/2-1/2

[Event "Bremen Silvester op"]
[Site "Bremen"]
[Date "2021.12.30"]
[Round "7"]
[White "Chmura, Dominik"]
[Black "Bruehl, Rainer"]
[Result "1-0"]
[WhiteElo "1107"]
[BlackElo "1269"]
[PlyCount "107"]
[EventDate "2021.12.21"]
[EventType "swiss"]
[EventRounds "7"]
[EventCountry "GER"]
[SourceTitle "CBM 205 Extra"]
[Source "ChessBase"]
[SourceDate "2022.01.31"]
[SourceVersion "1"]
[SourceVersionDate "2022.01.31"]
[SourceQuality "1"]

1. e4 e5 2. Bc4 Nf6 3. d4 exd4 4. Nf3 Bb4+ 5. Bd2 Bxd2+ 6. Qxd2 0-0 7. e5 Re8 8. 0-0 Ng4 9. Qf4 Nh6 10. Nxd4 d5 11. exd6 Qxd6 12. Qxd6 cxd6 13. Nb5 Na6 14. N1c3 Be6 15. Nxd6 Bxc4 16. Nxc4 Nf5 17. Rad1 Nb4 18. Nd5 Re4 19. Nxb4 Rxc4 20. c3 a5 21. Nd5 Re8 22. Rfe1 Kf8 23. Nb6 Rxe1+ 24. Rxe1 Rc7 25. Re5 g6 26. Rxa5 Re7 27. Kf1 Nd6 28. Rd5 Ne4 29. Nc4 Nf6 30. Re5 Rd7 31. Ke2 Ng4 32. Re4 h5 33. Ne5 Re7 34. f4 Kg7 35. h3 f5 36. Rd4 Nxe5 37. fxe5 Rxe5+ 38. Kf3 b6 39. h4 Re6 40. b4 Kh6 41. a4 g5 42. g3 g4+ 43. Kf4 Kg6 44. c4 Kf7 45. Kxf5 Re3 46. Rd6 Rc3 47. Rxb6 Rxc4 48. a5 Rc3 49. a6 Rxg3 50. Rb7+ Ke8 51. a7 Rf3+ 52. Kg5 Ra3 53. Rb8+ Kd7 54. a8Q 1-0

[Event "Bremen Silvester op"]
[Site "Bremen"]
[Date "2021.12.27"]
[Round "2"]
[White "Bruehl, Rainer"]
[Black "Koppe, Connor"]
[Result "0-1"]
[WhiteElo "1269"]
[BlackElo "1672"]
[PlyCount "84"]
[EventDate "2021.12.21"]
[EventType "swiss"]
[EventRounds "7"]
[EventCountry "GER"]
[SourceTitle "CBM 205 Extra"]
[Source "ChessBase"]
[SourceDate "2022.01.31"]
[SourceVersion "1"]
[SourceVersionDate "2022.01.31"]
[SourceQuality "1"]

1. d4 Nf6 2. Nf3 e6 3. e3 d5 4. Bd3 c5 5. 0-0 Nc6 6. b3 b6 7. Bb5 Bb7 8. Ne5 Qc7 9. f4 a6 10. Bxc6+ Bxc6 11. a4 Bd6 12. Bb2 Ne4 13. Nd2 Nxd2 14. Qxd2 f6 15. Nxc6 Qxc6 16. Qe2 Qc7 17. Qg4 Qf7 18. Rae1 h5 19. Qh3 0-0-0 20. f5 Rde8 21. dxc5 Bxc5 22. Bd4 e5 23. Bxc5 bxc5 24. e4 d4 25. Qd3 Qb7 26. Qc4 Re7 27. c3 Rc7 28. Qe6+ Kb8 29. Rf3 Rd8 30. Qc4 Qc6 31. Qd3 c4 32. Qb1 Rb7 33. cxd4 exd4 34. Rc1 d3 35. b4 Qb6+ 36. Kf1 Qxb4 37. Qa2 c3 38. Qf2 d2 39. Qg3+ Ka8 40. Rd1 c2 41. Ke2 cxd1Q+ 42. Kxd1 Qb1+ 0-1

[Event "Bremen Silvester op"]
[Site "Bremen"]
[Date "2019.12.27"]
[Round "1"]
[White "Bruehl, Rainer"]
[Black "Stern, Philipp"]
[Result "0-1"]
[WhiteElo "1288"]
[BlackElo "1919"]
[PlyCount "82"]
[EventDate "2019.12.27"]
[EventType "swiss"]
[EventRounds "7"]
[EventCountry "GER"]
[SourceTitle "CBM 194 Extra"]
[Source "ChessBase"]
[SourceDate "2020.03.31"]
[SourceVersion "1"]
[SourceVersionDate "2020.03.31"]
[SourceQuality "1"]

1. d4 d5 2. Bf4 c5 3. e3 Nc6 4. Nf3 Nf6 5. Nc3 Bf5 6. a3 e6 7. Bb5 Bd6 8. Ne5 Qc7 9. 0-0 0-0 10. Re1 Nxe5 11. dxe5 Bxe5 12. Qd2 Bxf4 13. exf4 d4 14. Ne2 Ne4 15. Qc1 Rfd8 16. Ng3 Nxg3 17. hxg3 a6 18. Bd3 Bxd3 19. cxd3 b5 20. b3 Rac8 21. Qb2 h6 22. Rac1 a5 23. Re5 Rd5 24. Rce1 a4 25. Rxd5 exd5 26. Re5 Qd6 27. b4 cxb4 28. axb4 Rc3 29. Re8+ Kh7 30. Re5 f6 31. Re2 Rb3 32. Qxd4 Rxb4 33. Qa1 Qc5 34. Rb2 Rxb2 35. Qxb2 a3 36. Qb1 Kh8 37. Qb3 b4 38. Qa4 Kh7 39. d4 Qc1+ 40. Kh2 Qb1 41. Qd7 a2 0-1

[Event "Lueneburg distr-ch Haupt"]
[Site "Muenster"]
[Date "2019.10.17"]
[Round "1"]
[White "Bruehl, Rainer"]
[Black "Suliga, Eckhard"]
[Result "0-1"]
[WhiteElo "1325"]
[BlackElo "1668"]
[PlyCount "90"]
[EventDate "2019.10.17"]
[EventType "swiss"]
[EventRounds "7"]
[EventCountry "GER"]
[SourceTitle "EXT 2023"]
[Source "ChessBase"]
[SourceDate "2022.10.05"]
[SourceVersion "1"]
[SourceVersionDate "2022.10.05"]
[SourceQuality "1"]

1. d4 Nf6 2. Nf3 e6 3. e3 b6 4. Bd3 Bb7 5. Nbd2 Nc6 6. e4 Nb4 7. Qe2 Nxd3+ 8. cxd3 Be7 9. Ne5 d6 10. Ng4 c5 11. Nxf6+ Bxf6 12. dxc5 dxc5 13. Nf3 e5 14. 0-0 0-0 15. Be3 Qe7 16. Rac1 Rad8 17. Rfd1 Rd6 18. h4 h6 19. g3 Rfd8 20. Ne1 Qd7 21. f3 Ba6 22. Rc3 c4 23. Qd2 cxd3 24. Rdc1 Qh3 25. Ng2 Qxg3 26. Rf1 Qh3 27. f4 exf4 28. Bxf4 Bxc3 29. Qxc3 R6d7 30. Qd2 Rc8 31. Ne3 Rc6 32. Rf2 Rg6+ 33. Rg2 Rxg2+ 34. Nxg2 Qe6 35. e5 Bb7 36. Ne1 Qg4+ 37. Kf2 Qxh4+ 38. Bg3 Qd4+ 39. Kf1 Qe4 40. Bh2 Qh1+ 41. Bg1 Qh3+ 42. Kf2 Qf5+ 43. Kg3 Qxe5+ 44. Kh3 Qf5+ 45. Kg3 Rd6 0-1

[Event "Bremen-ch"]
[Site "Bremen"]
[Date "2019.04.19"]
[Round "8.31"]
[White "Bruehl, Rainer"]
[Black "Norbach, Erik"]
[Result "1-0"]
[WhiteElo "1092"]
[BlackElo "974"]
[PlyCount "61"]
[EventDate "2019.04.13"]
[EventType "swiss"]
[EventRounds "9"]
[EventCountry "GER"]
[SourceTitle "EXT 2020"]
[Source "ChessBase"]
[SourceDate "2019.10.17"]
[SourceVersion "1"]
[SourceVersionDate "2019.10.17"]
[SourceQuality "1"]

1. d4 d5 2. c4 c6 3. Bf4 Nf6 4. e3 Bf5 5. Nc3 e6 6. cxd5 exd5 7. Be2 Be7 8. Nf3 Nbd7 9. Ne5 0-0 10. 0-0 b6 11. Nxc6 Qe8 12. Nb5 Bd8 13. Bd6 a6 14. Bxf8 Nxf8 15. Ne5 axb5 16. a4 Ra5 17. Bxb5 N8d7 18. f4 Qe6 19. Bxd7 Nxd7 20. g4 Be4 21. f5 Qd6 22. Nxd7 Qxd7 23. b4 Ra7 24. b5 Bc7 25. Qe2 Qd6 26. g5 Bd3 27. Qh5 Bxf1 28. Rxf1 Rxa4 29. f6 g6 30. Qh6 Ra2 31. Qg7# 1-0

[Event "Bremen-ch"]
[Site "Bremen"]
[Date "2019.04.17"]
[Round "6.32"]
[White "Salm, Andreas"]
[Black "Bruehl, Rainer"]
[Result "1-0"]
[WhiteElo "1401"]
[BlackElo "1092"]
[PlyCount "67"]
[EventDate "2019.04.13"]
[EventType "swiss"]
[EventRounds "9"]
[EventCountry "GER"]
[SourceTitle "EXT 2020"]
[Source "ChessBase"]
[SourceDate "2019.10.17"]
[SourceVersion "1"]
[SourceVersionDate "2019.10.17"]
[SourceQuality "1"]

1. Nf3 Nf6 2. g3 d5 3. Bg2 e6 4. 0-0 Bd6 5. d4 Nc6 6. Nc3 Ne7 7. Bg5 Ne4 8. Bxe7 Qxe7 9. Nxe4 dxe4 10. Ne5 f5 11. e3 0-0 12. f4 c5 13. c3 cxd4 14. cxd4 Bxe5 15. fxe5 Bd7 16. d5 exd5 17. Qxd5+ Be6 18. Qd6 Qd7 19. Rad1 Rfd8 20. Qxd7 Bxd7 21. Rd6 g6 22. Rfd1 Rac8 23. Rxd7 Re8 24. e6 Rxe6 25. Rd8+ Rxd8 26. Rxd8+ Kg7 27. Rd7+ Kh6 28. Rxb7 Rb6 29. Rxb6 axb6 30. a4 Kg7 31. b4 Kf7 32. a5 bxa5 33. bxa5 Ke7 34. a6 1-0

[Event "Bremen-ch"]
[Site "Bremen"]
[Date "2019.04.16"]
[Round "5.29"]
[White "Bruehl, Rainer"]
[Black "Gedecke, Richard"]
[Result "0-1"]
[WhiteElo "1092"]
[BlackElo "1295"]
[PlyCount "60"]
[EventDate "2019.04.13"]
[EventType "swiss"]
[EventRounds "9"]
[EventCountry "GER"]
[SourceTitle "EXT 2020"]
[Source "ChessBase"]
[SourceDate "2019.10.17"]
[SourceVersion "1"]
[SourceVersionDate "2019.10.17"]
[SourceQuality "1"]

1. d4 d5 2. c4 e6 3. Nf3 Nd7 4. e3 Ngf6 5. Bd3 c6 6. cxd5 cxd5 7. 0-0 Be7 8. Ne5 0-0 9. f4 Ne4 10. Bxe4 dxe4 11. Nc3 f5 12. d5 Nxe5 13. fxe5 Bb4 14. d6 Bd7 15. Ne2 Rc8 16. a3 Bc5 17. b4 Bb6 18. Bd2 f4 19. Nxf4 Qg5 20. Qe2 Qxe5 21. Kh1 Qxd6 22. g3 Qe5 23. Qg4 Rc2 24. Rad1 Qb2 25. Nxe6 Rxf1+ 26. Rxf1 Rc8 27. Rf2 Qe5 28. Rf7 Bxe6 29. Rxg7+ Kh8 30. Qg5 Qxg7 0-1

[Event "Bremen-ch"]
[Site "Bremen"]
[Date "2019.04.14"]
[Round "3.21"]
[White "Bruehl, Rainer"]
[Black "Stern, Philipp"]
[Result "0-1"]
[WhiteElo "1092"]
[BlackElo "1787"]
[PlyCount "44"]
[EventDate "2019.04.13"]
[EventType "swiss"]
[EventRounds "9"]
[EventCountry "GER"]
[SourceTitle "EXT 2020"]
[Source "ChessBase"]
[SourceDate "2019.10.17"]
[SourceVersion "1"]
[SourceVersionDate "2019.10.17"]
[SourceQuality "1"]

1. d4 d5 2. Nf3 Nf6 3. e3 Bf5 4. Bd3 Bxd3 5. cxd3 e6 6. Nc3 c5 7. 0-0 Nc6 8. Ne5 cxd4 9. Nxc6 bxc6 10. exd4 Bd6 11. Re1 0-0 12. Bg5 Rb8 13. Re2 Bxh2+ 14. Kf1 h6 15. Bh4 g5 16. Re3 gxh4 17. g3 hxg3 18. fxg3 h5 19. Kg2 Rxb2+ 20. Ne2 Ng4 21. Rf3 Qg5 22. Rf4 Ne3+ 0-1

[Event "Bremen Silvester op"]
[Site "Bremen"]
[Date "2018.12.30"]
[Round "7"]
[White "Bruehl, Rainer"]
[Black "Lambers, Gabriel"]
[Result "0-1"]
[WhiteElo "1362"]
[BlackElo "1498"]
[PlyCount "78"]
[EventDate "2018.12.27"]
[EventType "swiss"]
[EventRounds "7"]
[EventCountry "GER"]
[SourceTitle "CBM 188 Extra"]
[Source "ChessBase"]
[SourceDate "2019.02.26"]
[SourceVersion "1"]
[SourceVersionDate "2019.02.26"]
[SourceQuality "1"]

1. d4 Nf6 2. Nf3 e6 3. e3 b6 4. Bd3 Bb7 5. b3 d6 6. Bb2 Nbd7 7. Nbd2 Be7 8. 0-0 0-0 9. e4 c5 10. e5 dxe5 11. dxe5 Nd5 12. Be4 f5 13. exf6 N7xf6 14. Bxf6 Bxf6 15. Bxd5 exd5 16. Rb1 Qc7 17. Re1 Rad8 18. Nf1 Qc6 19. Ng3 Bc3 20. Ne5 Qf6 21. Ng4 Qf7 22. Re3 d4 23. Re2 Qd5 24. Re4 Rde8 25. Qd3 Rxe4 26. Nxe4 Qxe4 27. f3 Qxd3 28. cxd3 Re8 29. Kf1 Bd2 30. Rd1 Be3 31. Re1 Ba6 32. Nf2 Kf7 33. g3 Bxf2 34. Kxf2 Rxe1 35. Kxe1 Bxd3 36. Kd2 Ba6 37. h4 Kf6 38. g4 Ke5 39. a3 Kf4 0-1

[Event "Bremen Silvester op"]
[Site "Bremen"]
[Date "2018.12.27"]
[Round "2"]
[White "Stern, Philipp"]
[Black "Bruehl, Rainer"]
[Result "1-0"]
[WhiteElo "1764"]
[BlackElo "1362"]
[PlyCount "37"]
[EventDate "2018.12.27"]
[EventType "swiss"]
[EventRounds "7"]
[EventCountry "GER"]
[SourceTitle "CBM 188 Extra"]
[Source "ChessBase"]
[SourceDate "2019.02.26"]
[SourceVersion "1"]
[SourceVersionDate "2019.02.26"]
[SourceQuality "1"]

1. e4 e5 2. Nf3 Nf6 3. Bc4 Nc6 4. Ng5 d5 5. exd5 Nxd5 6. d4 Nxd4 7. c3 Ne6 8. Qxd5 Qxd5 9. Bxd5 Nxg5 10. Bxg5 c6 11. Bb3 f6 12. Be3 Bd6 13. Nd2 Bd7 14. 0-0 0-0-0 15. Bxa7 c5 16. Ne4 Kc7 17. Rfd1 Bc6 18. Nxd6 Rxd6 19. Bb6+ 1-0

[Event "Bremen-ch op"]
[Site "Bremen"]
[Date "2018.03.26"]
[Round "4"]
[White "Peine, Olaf"]
[Black "Bruehl, Rainer"]
[Result "1-0"]
[WhiteElo "1674"]
[BlackElo "965"]
[PlyCount "67"]
[EventDate "2018.03.24"]
[EventType "swiss"]
[EventRounds "9"]
[EventCountry "GER"]
[SourceTitle "EXT 2019"]
[Source "ChessBase"]
[SourceDate "2018.10.10"]
[SourceVersion "1"]
[SourceVersionDate "2018.10.10"]
[SourceQuality "1"]

1. c4 Nf6 2. d3 e6 3. Nc3 c6 4. g3 Bb4 5. Bd2 d5 6. cxd5 Nxd5 7. Qb3 Bxc3 8. Bxc3 Nxc3 9. Qxc3 0-0 10. Bg2 Nd7 11. Nf3 Nb6 12. Nd2 Bd7 13. h4 Na4 14. Qb4 c5 15. Qa3 Qb6 16. 0-0 Nxb2 17. Rab1 Qb4 18. Qxb4 cxb4 19. Rxb2 a5 20. Bxb7 Ra7 21. Bf3 Rb8 22. Rfb1 Rc7 23. a3 f5 24. axb4 a4 25. Nc4 Rb5 26. Na3 Rb6 27. b5 e5 28. Bd5+ Kf8 29. Rb4 Rc5 30. Bc4 e4 31. Rxa4 exd3 32. exd3 Be6 33. Bxe6 Rxe6 34. b6 1-0

[Event "Niedersachsen-ch op C"]
[Site "Verden"]
[Date "2018.01.04"]
[Round "1"]
[White "Wolterink, Jule"]
[Black "Bruehl, Rainer"]
[Result "1-0"]
[WhiteElo "1347"]
[BlackElo "1016"]
[PlyCount "67"]
[EventDate "2018.01.04"]
[EventType "swiss"]
[EventRounds "7"]
[EventCountry "GER"]
[SourceTitle "EXT 2022"]
[Source "ChessBase"]
[SourceDate "2021.10.06"]
[SourceVersion "1"]
[SourceVersionDate "2021.10.06"]
[SourceQuality "1"]

1. d4 d5 2. Bf4 Nf6 3. e3 Nc6 4. c3 Bf5 5. Bd3 Bg6 6. Nf3 e6 7. Qc2 Bd6 8. Nbd2 Bxf4 9. exf4 0-0 10. h3 Bxd3 11. Qxd3 h6 12. g4 Re8 13. 0-0-0 Na5 14. g5 hxg5 15. fxg5 Nh5 16. Rdg1 Nf4 17. Qe3 Ng6 18. h4 e5 19. Nxe5 Qe7 20. f4 Nxe5 21. fxe5 Nc4 22. Nxc4 dxc4 23. h5 c5 24. g6 cxd4 25. gxf7+ Qxf7 26. cxd4 c3 27. h6 cxb2+ 28. Kxb2 Re6 29. hxg7 Rb6+ 30. Ka1 Qxa2+ 31. Kxa2 Ra6+ 32. Kb2 Rb6+ 33. Qb3+ Rxb3+ 34. Kxb3 1-0